00819cam a2200241 a 450000500170000000800410001701000130005802000260007103500130009703500170011003700160012704000180014308200060016110000200016724500790018726000470026627000520031330000470036565000330041265000260044570000190047185600870049020031223200516.0010423r19901962nyua c 000 1 eng  aB-357760 a9780380709151c154.80 aB-357760 aB-345596-607 bTarun Books adplbEnglish  aS aCleary, Beverly aHenry and the clubhouse /cby Beverly Cleary; illustrated by Tracy Dockray aNew York bHarper Collins Publishersc2007 a1350 Avenue of the AmericasbNew YorkeNY 10019 a197, 13p. :a199, 13p. :bill. c19cm(pbk) aNewspaper carriersvFiction. aFamily lifevFiction. aDockray, Tracy 3Publisher descriptionuhttp://www.loc.gov/catdir/description/hc043/2001268198.html